header

Siblings under the skin (Record no. 57636)

MARC details
000 -LEADER
fixed length control field 01318nam a22003374a 4500
082 04 - DEWEY DECIMAL CLASSIFICATION NUMBER
Classification number 305.42/01
245 00 - TITLE STATEMENT
Title Siblings under the skin
260 ## - PUBLICATION, DISTRIBUTION, ETC. (IMPRINT)
Place of publication Aurora, Colo. :
Name of publisher Davies Group,
Year of publication c2003.
300 ## - PHYSICAL DESCRIPTION
Number of Pages vi, 327 p.
490 1# - SERIES STATEMENT
Series statement Critical studies in the humanities
650 #0 - SUBJECT ADDED ENTRY--TOPICAL TERM
Topical Term Feminist theory.
Topical Term Logical positivism.
Topical Term Analysis (Philosophy)
700 1# - ADDED ENTRY--PERSONAL NAME
Personal name Clough, Sharyn,
856 40 - ELECTRONIC LOCATION AND ACCESS
Uniform Resource Identifier http://site.ebrary.com/lib/rucke/Doc?id=10039179

No items available.

© 2026 Rongo University
Contact us: librarian | system librarian | Rongo university